00741nam 22002053 4500001000700000090001100007100004100018200007800059210003000137215003300167225002600200606003700226675003200263700004800295702003200343801001800375830002900393990001100422995010200433201968 a201968 a20260427d u||y0pory50 ba aPoemas políticosfHans Magnus Enzensberger gtradução Almeida Faria aLisboacDom Quixoted1975 a147, [2] p.cbrochadod21 cm aPoesia Século XXv7 95683aLiteratura AlemãxPoesia a821.112.2-1"19/20"vPTzpor 917200aEnzensbergerbHans Magnusf1929-2022 91040aFariabAlmeidaf1943- aPTbBMMNgRPC cAna FalardofAna Falardo cLIVROS 002052026-04-27931645bBMMNf31367k821.112.2-1 ENZ|SAFo0rLIVROSuAcesso CondicionadosOferta